| 000 | 01159nam a2200337 a 4500 | ||
|---|---|---|---|
| 001 | 000115954 | ||
| 003 | CHAP | ||
| 005 | 20220329144555.0 | ||
| 008 | 190821s2015 cr a |s| ||||||spa d | ||
| 010 | _a112415 | ||
| 011 | _a113387 | ||
| 020 | _a9789589386743 | ||
| 040 | _cCHAP | ||
| 090 | _aCD-496 | ||
| 245 | 0 | 0 |
_aSistemas agroforestales : _h[Disco compacto] _bfunciones productivas, socioeconómicas y ambientales / _cpor Florencia Montagnini ...[et al]. |
| 260 |
_aCal, Col. : _bCIPAV _aTurrialba, Costa Rica : _bCatie, _c2015. |
||
| 300 |
_a1 CD ROM ; _c4 3/4 plg. . |
||
| 490 | 0 |
_aSerie técnica. Informe técnico/CATIE _v402 |
|
| 590 |
_aBATCH-UPD _b05 _c20190821 _lUCH01 _h1439 |
||
| 590 |
_aE11695DGD _b10 _c20190821 _lUCH01 _h1441 |
||
| 590 |
_aE5765TAJ _b05 _c20190821 _lUCH01 _h1256 |
||
| 650 | 1 | 4 |
_aAgroforestería _xRendimiento. _9136630 |
| 650 | 1 | 4 |
_aRestauración ecológica. _9125157 |
| 650 | 1 | 4 |
_aSistemas agroforestales. _9106735 |
| 650 | 1 | 4 |
_aSombra _xEfecto en café. _9108537 |
| 700 | 0 |
_aMontagnini, Florencia. _977700 |
|
| 830 | 0 |
_aSerie técnica. Informe técnico/CATIE _v402 _9136629 |
|
| 901 | _aBK | ||
| 942 | _cCD | ||
| 942 | _n0 | ||
| 999 |
_c112415 _d112415 |
||